<?xml version="1.0" encoding="UTF-8"?>
<record
    xmlns:xsi="http://www.w3.org/2001/XMLSchema-instance"
    xsi:schemaLocation="http://www.loc.gov/MARC21/slim http://www.loc.gov/standards/marcxml/schema/MARC21slim.xsd"
    xmlns="http://www.loc.gov/MARC21/slim">

  <leader>01432nam0a2200337   4500</leader>
  <controlfield tag="001">RU\NLR\BIBL_A\012084121</controlfield>
  <controlfield tag="005">20191028142617.0</controlfield>
  <datafield tag="010" ind1=" " ind2=" ">
    <subfield code="a">978-5-16-015250-9</subfield>
    <subfield code="b">print</subfield>
  </datafield>
  <datafield tag="010" ind1=" " ind2=" ">
    <subfield code="a">978-5-16-107722-1</subfield>
    <subfield code="b">online</subfield>
    <subfield code="9">500</subfield>
  </datafield>
  <datafield tag="021" ind1=" " ind2=" ">
    <subfield code="a">RU</subfield>
    <subfield code="b">&#x41A;&#x41D;-&#x41F;-19-055157</subfield>
    <subfield code="9">&#x41A;&#x41D;-&#x41F;-19-3961</subfield>
  </datafield>
  <datafield tag="035" ind1=" " ind2=" ">
    <subfield code="a">(NLR Aleph) 012084121</subfield>
  </datafield>
  <datafield tag="035" ind1=" " ind2=" ">
    <subfield code="a">(RuMoRGB)010051477</subfield>
  </datafield>
  <datafield tag="090" ind1=" " ind2=" ">
    <subfield code="a">11819130</subfield>
    <subfield code="c">11819130</subfield>
  </datafield>
  <datafield tag="100" ind1=" " ind2=" ">
    <subfield code="a">20190830d2019    k  y0rusy50      ca</subfield>
  </datafield>
  <datafield tag="101" ind1="0" ind2=" ">
    <subfield code="a">rus</subfield>
  </datafield>
  <datafield tag="102" ind1=" " ind2=" ">
    <subfield code="a">RU</subfield>
  </datafield>
  <datafield tag="105" ind1=" " ind2=" ">
    <subfield code="a">y|||z|||000zy</subfield>
  </datafield>
  <datafield tag="200" ind1="1" ind2=" ">
    <subfield code="a">&#x412;&#x437;&#x430;&#x438;&#x43C;&#x43E;&#x434;&#x435;&#x439;&#x441;&#x442;&#x432;&#x438;&#x435; &#x43F;&#x435;&#x434;&#x430;&#x433;&#x43E;&#x433;&#x438;&#x447;&#x435;&#x441;&#x43A;&#x43E;&#x439; &#x43D;&#x430;&#x443;&#x43A;&#x438; &#x438; &#x441;&#x438;&#x441;&#x442;&#x435;&#x43C;&#x44B; &#x43E;&#x442;&#x435;&#x447;&#x435;&#x441;&#x442;&#x432;&#x435;&#x43D;&#x43D;&#x43E;&#x433;&#x43E; &#x43E;&#x431;&#x440;&#x430;&#x437;&#x43E;&#x432;&#x430;&#x43D;&#x438;&#x44F; &#x43A;&#x430;&#x43A; &#x443;&#x43F;&#x440;&#x430;&#x432;&#x43B;&#x44F;&#x435;&#x43C;&#x44B;&#x439; &#x43F;&#x440;&#x43E;&#x446;&#x435;&#x441;&#x441;</subfield>
    <subfield code="e">&#x43C;&#x43E;&#x43D;&#x43E;&#x433;&#x440;&#x430;&#x444;&#x438;&#x44F;</subfield>
    <subfield code="f">&#x42F;. &#x421;. &#x422;&#x443;&#x440;&#x431;&#x43E;&#x432;&#x441;&#x43A;&#x43E;&#x439;</subfield>
  </datafield>
  <datafield tag="210" ind1=" " ind2=" ">
    <subfield code="a">&#x41C;&#x43E;&#x441;&#x43A;&#x432;&#x430;</subfield>
    <subfield code="c">&#x418;&#x41D;&#x424;&#x420;&#x410;-&#x41C;</subfield>
    <subfield code="d">2019</subfield>
  </datafield>
  <datafield tag="215" ind1=" " ind2=" ">
    <subfield code="a">275 &#x441;.</subfield>
    <subfield code="d">22</subfield>
  </datafield>
  <datafield tag="225" ind1="1" ind2=" ">
    <subfield code="a">&#x41D;&#x430;&#x443;&#x447;&#x43D;&#x430;&#x44F; &#x43C;&#x44B;&#x441;&#x43B;&#x44C;</subfield>
    <subfield code="i">&#x41E;&#x431;&#x440;&#x430;&#x437;&#x43E;&#x432;&#x430;&#x43D;&#x438;&#x435;</subfield>
  </datafield>
  <datafield tag="300" ind1=" " ind2=" ">
    <subfield code="a">&#x41D;&#x430; &#x43E;&#x431;&#x43E;&#x440;&#x43E;&#x442;&#x435; &#x442;&#x438;&#x442;.&#x43B;. &#x430;&#x432;&#x442;.: &#x422;&#x443;&#x440;&#x431;&#x43E;&#x432;&#x441;&#x43A;&#x438;&#x439; &#x42F;. &#x421;. - &#x434;-&#x440; &#x43F;&#x435;&#x434;. &#x43D;&#x430;&#x443;&#x43A;, &#x43F;&#x440;&#x43E;&#x444;.</subfield>
  </datafield>
  <datafield tag="320" ind1=" " ind2=" ">
    <subfield code="a">&#x411;&#x438;&#x431;&#x43B;&#x438;&#x43E;&#x433;&#x440;.: &#x441;. 266-275 (114 &#x43D;&#x430;&#x437;&#x432;.) &#x438; &#x432; &#x43F;&#x43E;&#x434;&#x441;&#x442;&#x440;&#x43E;&#x447;. &#x43F;&#x440;&#x438;&#x43C;&#x435;&#x447;.</subfield>
  </datafield>
  <datafield tag="606" ind1="1" ind2=" ">
    <subfield code="a">&#x41E;&#x431;&#x440;&#x430;&#x437;&#x43E;&#x432;&#x430;&#x43D;&#x438;&#x435;</subfield>
    <subfield code="2">nlr_sh2</subfield>
    <subfield code="3">RU\NLR\AUTH\661010307</subfield>
  </datafield>
  <datafield tag="686" ind1="1" ind2=" ">
    <subfield code="a">&#x427;34(2)</subfield>
  </datafield>
  <datafield tag="700" ind1=" " ind2="1">
    <subfield code="a">&#x422;&#x443;&#x440;&#x431;&#x43E;&#x432;&#x441;&#x43A;&#x43E;&#x439;</subfield>
    <subfield code="b">&#x42F;. &#x421;.</subfield>
    <subfield code="f">1931-</subfield>
    <subfield code="g">&#x42F;&#x43A;&#x43E;&#x432; &#x421;&#x435;&#x43C;&#x435;&#x43D;&#x43E;&#x432;&#x438;&#x447;</subfield>
  </datafield>
  <datafield tag="942" ind1=" " ind2=" ">
    <subfield code="c">BOOK</subfield>
  </datafield>
  <datafield tag="980" ind1=" " ind2=" ">
    <subfield code="a">NBR</subfield>
  </datafield>
  <datafield tag="980" ind1=" " ind2=" ">
    <subfield code="a">NB</subfield>
  </datafield>
</record>
